| 000 | 03330cgm a2200697Ia 4500 | ||
|---|---|---|---|
| 001 | ocn744473741 | ||
| 003 | OCoLC | ||
| 005 | 20251220125436.0 | ||
| 007 | vd cvaizq | ||
| 008 | 110802p20112010cau501 e vleng d | ||
| 020 | _a0780668049 | ||
| 020 | _a9780780668041 | ||
| 024 | 1 | _a883929163496 | |
| 028 | 4 | 2 |
_a1000173531 _bWarner Home Video |
| 029 | 1 |
_aAU@ _b000047820008 |
|
| 035 |
_a(OCoLC)744473741 _z(OCoLC)748435753 |
||
| 037 |
_bMidwest Tape _nhttp://www.midwesttapes.com |
||
| 040 |
_aTEFMT _cTEFMT _dTEF _dIEP _dTEFMT _dZHX _dOCP _dFMU _dUINTA _erda |
||
| 041 | 1 |
_aeng _heng |
|
| 049 | _aUCLB | ||
| 050 | 4 |
_aPN1992.77 _b.B54 2011 |
|
| 082 | 0 | 4 |
_a791.45/75 _223 |
| 092 | _a791.457 | ||
| 130 | 0 |
_aBig bang theory (Television program). _nSeason 4. _96229896 |
|
| 245 | 0 | 4 | _aThe Big bang theory. The complete fourth season |
| 260 |
_aBurbank, Calif. : _bWarner Bros. Entertainment : _bDistributed by Warner Home Video, _c[2011] |
||
| 264 |
_aBurbank, Calif. : _bWarner Bros. Television ; Chuck Lorre Productions. _c2011 |
||
| 300 |
_a3 videodiscs (501 min.) : _bsd., col. ; _c4 3/4 in. |
||
| 500 | _aTitle from container. | ||
| 500 | _aCreated by Chuck Lorre & Bill Prady. | ||
| 500 | _aOriginally aired on television in 2010-2011. | ||
| 500 | _aSpecial features: Actor on actor featurette; The Barenaked Ladies on Big Bang Theory featurette; The history of everything music video; gag reel. | ||
| 508 | _aCreated by Chuck Lorre and Bill Prady. | ||
| 511 | 1 | _aJim Parsons, Johnny Galecki, Kaley Cuoco, Simon Helberg, Kunal Nayyar. | |
| 520 | _aThis season the Big Bang gang's romantic universe expands. On the rebound from Penny, Leonard falls into the arms of Raj's sister Priya. Sheldon gets a girlfriend, or rather a friend who is a girl: Amy, a dour neurobiologist who declares herself besties with Penny. Howard and Bernadette heat up. And so do Raj and Bernadette (at least in Raj's Bollywood daydream). All in the furtherance of award-winning genius comedy. | ||
| 521 | 8 | _aNot rated. | |
| 538 | _aDVD, region 1, widescreen presentation; Dolby Digital 5.1 surround, dual-layer. | ||
| 546 | _aEnglish dialogue; English, French or Spanish subtitles; English subtitled for the deaf and hard of hearing. | ||
| 650 | 0 |
_aPhysicists _vDrama. _95711550 |
|
| 650 | 0 |
_aMan-woman relationships _vDrama. _95673977 |
|
| 650 | 0 |
_aApartment dwellers _vDrama. _95745036 |
|
| 650 | 0 |
_aNeighbors _vDrama. _95692604 |
|
| 650 | 7 |
_aRelaciones hombre-mujer _vTeatro. _2bidex _95693481 |
|
| 655 | 7 |
_aSituation comedies (Television programs) _2lcgft _95709318 |
|
| 655 | 7 |
_aFiction television programs. _2lcgft _95673656 |
|
| 655 | 7 |
_aTelevision series. _2lcgft _96229897 |
|
| 655 | 7 |
_aVideo recordings for the hearing impaired. _2lcgft _96229898 |
|
| 655 | 7 |
_aComedy television programs. _2gsafd _9102660 |
|
| 700 | 1 |
_aParsons, Jim, _d1973- _95897531 |
|
| 700 | 1 |
_aGalecki, Johnny. _967017 |
|
| 700 | 1 |
_aCuoco, Kaley. _95738214 |
|
| 700 | 1 |
_aHelberg, Simon. _96010404 |
|
| 700 | 1 |
_aNayyar, Kunal. _95691452 |
|
| 700 | 1 |
_aLorre, Chuck. _971483 |
|
| 700 | 1 |
_aPrady, Bill. _96010402 |
|
| 710 | 2 |
_aWarner Bros. Television. _925942 |
|
| 710 | 2 |
_aChuck Lorre Productions (Firm) _95805310 |
|
| 710 | 2 |
_aWarner Home Video (Firm) _961103 |
|
| 730 | 0 |
_aBig bang theory (Television program) _96014748 |
|
| 942 |
_cDVD _2ddc |
||
| 999 |
_c81570 _d81570 |
||